000 00459nam a2200181Ia 4500
001 8510
005 20260306160614.0
008 260306t2015||||xx |||||||||||||| ||spa||
041 _aESP
082 _a371.1
_bS21
100 _aSanjurjo, Liliana
_eAUT
245 0 _aLos dispositivos para la formación en las prácticas profesionales
260 _c2015
300 _a280 páginas :
_c22 cm.
650 _aGEN
654 _aCED
942 _cLIB
_dJUS
_fJUS
_2ddc
_n
999 _c8510
_d8510